Football/Soccer - Name a Valid Answer #3 - Statistics

General Stats
  • This quiz has been taken 72 times
    62 since last reset
  • The average score is 5 of 8
Answer Stats
Hint Answer % Correct
African player in top 10 Ballon d'Or since 2000 Samuel Eto'o | Didier Drogba | Riyad Mahrez | Mohamed Salah | Sadio Mane | Victor Osimhen
98%
Winner of a European trophy in 2022 Real Madrid | Frankfurt | Roma
91%
Name any Australian to have played in the premier league Mark Schwarzer | Harry Kewell | Tim Cahill | Mile Jedinak | Aaron Mooy | Lucas Neill | Danny Allsopp | John Aloisi | Con Blatsis | Mark Bosnich | Vlado Bozinovski | Cameron Burgess | Jacob Burns | David Carney | Chris Coyne | Jason Davidson | Ahmad Elrich | Brett Emerton | Adam Federici | John Filan | Hayden Foxe | Tyrese Francois | Richard Garcia | Vince Grella | Chris Herd | Brett Holman | Richard Johnson | Brad Jones | Jason Kearton | Neil Kilkenny | Stan Lazaridis | Massimo Luongo | Jordan Lyden | Steve Mautone | Scott McDonald | Jamie McMaster | Craig Moore | Paul Okon | Aiden O'Neill | Andy Petterson | Cameron Peupion | Tony Popovic | Adem Poric | Mathew Ryan | Josip Skoko | Robbie Slater | Brad Smith | Harry Souttar | Mile Sterjovski | Danny Tiatto | Carl Veart | Tony Vidmar | Mark Viduka | Caleb Watts | Luke Wilkshire | Ned Zelic
83%
Player (other than Ronaldo) with 7+ goals in European championships Michel Platini | Alan Shearer | Griezmann | Morata | Kane
74%
American Barcelona player Sergino Dest
61%
Name any AC Milan champions league final scorer Inzaghi | Rijkaard | Gullit | Van Basten | Desailly | Altafini | Prati | Sormani | Massaro | Savicevic
59%
A player from Mali to play in the prem Abdoulaye Doucouré | Yves Bissouma | Frédéric Kanouté | Djimi Traoré | Moussa Djénépo | Cheick Oumar Doucouré | Mohamed Sissoko | Boubacar Traoré | Modibo Maïga | Mamady Sidibé | Massadio Haïdara | Bakary Sako | Samba Diakité | Mahamadou Diarra | Yacouba Sylla | Kalifa Cissé | Molla Wagué | Fousseni Diabaté | Ismaïla Cheick Coulibaly | Nouha Dicko | Sékou Koné | Woyo Coulibaly
48%
One of Lazio's top 10 expensive arrivals Hernan Crespo | Gaizka Mendieta | Juan Sebastian Veron | Christian Vieri | Jaap Stam | Stefano Fiore | Claudio Lopez | Vedat Muriqi | Mauro Zarate | Taty Castellanos
33%
No matching quizzes found
Score Distribution
Percent of People with Each Score
Percentile by Number Answered
Your Score History
You have not taken this quiz since the last reset